LEADER 01329nam a2200313 u 4500 001 000000066490 003 CaOOAMICUS 005 20070226121600.0 008 020116s1970 it u000 u ita u 035 $a10916844 040 $aPUL(R)$bita 041 1 $aita$hger 100 1 $aMaier, Franz Georg,$d1926-$0(OLS)http://pul/name/4018 240 10$aVerwandlung der Mittelmeerwelt.$lItaliano.$0(OLS)http://pul/title/88266 245 13$aIl mondo mediterraneo tra l'antichità e il Medioevo /$cdi Franz Georg Maier. 260 $aMilano :$bFeltrinelli,$c1970. 300 $a439 p. ;$c19 cm 490 1 $aStoria universale Feltrinelli ;$v8 500 $aEd. orig.: Fischer Weltgeschichte 9: Die Verwandlung der Mittelmeerwelt. 500 $aInclude indici. 504 $aNote bibliografiche: p. 398-420. 651 4$aMediterraneo$xCiviltà.$0(OLS)http://pul/subject/10120 830 0$aStoria universale Feltrinelli ;$v8.$0(OLS)http://pul/title/20414 850 $aPUL 852 $aPUL$W1$xSL Filosofia 1$y2$m99 H 13$j85964$nBK-PRI$b $qStampati$B85964$CPULBib$Z2$F85964 $H $81 941 1 $a8 961 $aINV: 45111 996 $6245$aIl mondo mediterraneo tra l'antichità e il Medioevo$9(OLS)http://pul/title/88267 996 $6260$aMilano :$bFeltrinelli$9(OLS)http://pul/publisher/48846 LEADER 01588nam a2200337 a 4500 001 000000153545 003 CaOOAMICUS 005 20160906114917.0 008 160906s2004 it u000 u ita r 020 $a88-15-10213-2 032 $aLibriCat 040 $aPUL$bita 245 00$aAngelo Dell'Acqua :$bprete, diplomatico e cardinale al cuore della politica vaticana (1903-1972) /$ca cura di Alberto Melloni ; prefazione del cardinale Achille Silvestrini. 260 $aBologna :$bIl Mulino,$c©2004. 300 $aIX, 253 p. ;$c22 cm. 490 1 $aSanta Sede e politica nel Novecento ;$v02 504 $aBibliografia in nota a piè pagina. 600 14$aDell'Acqua, Angelo,$ccard.,$d1903-197.$0(OLS)http://pul/subject/43618 650 4$aChiesa$xStoria.$0(OLS)http://pul/subject/128 700 1 $aMelloni, Alberto,$d1959-$0(OLS)http://pul/name/13983 700 1 $aSilvestrini, Achille,$ccard.,$d1923-$0(OLS)http://pul/name/6601 830 0$aSanta Sede e politica nel Novecento ;$v02.$0(OLS)http://pul/title/142060 850 $aPUL 852 $aPUL$W1$xDP1 Fondo G. Barberini$y122$m3 G 4$j166704$qFondi$B179460$CPULBib$Z2$F179460 $HBar964 $81 941 1 $a1 960 $aStoria della chiesa$9128 960 $aStoria ecclesiastica$9128 996 $6020$a88-15-10213-2$9(OLS)http://pul/number/160900 996 $6245$aAngelo Dell'Acqua :$bprete, diplomatico e cardinale al cuore della politica vaticana (1903-1972)$9(OLS)http://pul/title/193005 996 $6260$aBologna :$bIl Mulino$9(OLS)http://pul/publisher/47928